Почетный диплом, полученный русским правительством на Международной Лондонской выставке 1884 года за собрание работ по образован...

Доступно только в Электронных читальных залах Найти на картеНа карте
RUSMARC
00003684nmc2a22002413x 450
00199ba8dab-1de0-41d2-a5fe-502662f3359d
00520230831213518.0
100##$a20230117l18841884k l0rusy0189 ca
1010#$arus
$aeng
102##$aRU
105##$aa###
1222#$ad
2001#$aПочетный диплом, полученный русским правительством на Международной Лондонской выставке 1884 года за собрание работ по образованию
$j1884 г.
215##$a1 л.
$cил.
$d61х76,5 см
251##$cДело
300##$aНа русском и английском языках
371##$aДокумент не является опубликованным и широко распространяемым
461#0$1001a74412a3-3cc5-4d21-8f0a-dfe2fbd9e72d
$12001
$aДепартамент народного просвещения Министерства народного просвещения (1803-1917)
$1251
$cФонд
$1852
$j733
462#0$1001eee5cd01-9790-469a-9945-6bffddbc7761
$12001
$aРазряд общих дел
$1251
$cОпись
$1852
$j228
801#0$aRU
$bРГИА
$c20230117
$gRCR
801#1$aRU
$bГлавНИВЦ
$c20230117
$2rusmarc
801#2$aRU
$bПБ им. Б.Н. Ельцина
$c20230831
$gRCR
$2rusmarc
850##$aРГИА
852##$aРГИА
$eФедеральное казенное учреждение "Российский государственный исторический архив" (РГИА)
$j266
937##$hРГИА
$d12396563
$aASBIBLIO_SCAN
035##$aRusGRCC00059102
856##$uhttp://readingroom.main.prlib.ru/item.aspx?id_node=n187304845&mode=full
Формат отображения